000 00496nmm a2200169Ia 4500
008 251105s9999||||xx |||||||||||||||||und||
020 _a9788498797756
041 _aspa
100 _aMontes, Ángel Cristóbal
245 0 _aManual de sabiduría
264 _a[Madrid, España] :
_bTrotta Editorial,
_c2018
300 _a322 páginas
490 _aEstructuras y Procesos. Filosofía
650 _aPhilosophy, Ethics
856 _uhttps://public.digitaliapublishing.com/a/67404
942 _cCF
999 _c92042
_d92042